000 00383nam a2200157Ia 4500
003 GCL
008 140319s9999 xx 000 0 ara d
040 _aGCL /
_cGCL
082 0 4 _a370
_bم ت
245 1 0 _aالتربية الحديثة
300 _a175
490 _aالالف كتاب
_v0
650 0 4 _aالتربية
650 0 4 _aالبيت والمدرسة
942 _2ddc
_cBK
999 _c43037
_d43037